| 000 | 00845cab a2200289 4500 | ||
|---|---|---|---|
| 001 | ABS48775 | ||
| 008 | 090401t1993 xxu||||| |||| 00| 0 eng d | ||
| 035 | _a(Sirsi) u68499 | ||
| 041 | _aeng | ||
| 100 | _aLewis, J. | ||
| 245 | _aBuilding for global warming | ||
| 260 | _c1993 | ||
| 350 | _a0 | ||
| 490 |
_aArchitects` Journal _v197(24) 16 June 1993, 54-55(2) |
||
| 520 | _aWarns of the need to design with the changing climate and rising sea levels in mind. | ||
| 650 | _aBUILT ENVIRONMENT-CONSTRUCTION DESIGN | ||
| 650 | _aCLIMATE CHANGE | ||
| 650 | _aCARBON DIOXIDE EMISSIONS | ||
| 650 | _aGLOBAL WARMING | ||
| 650 | _aGREEN BUILDINGS | ||
| 650 | _aGREENHOUSE EFFECT | ||
| 650 | _aSEA LEVEL RISE | ||
| 690 | _aBUILT ENVIRONMENT-CONSTRUCTION DESIGN | ||
| 690 |
_aEnvironment _96238 |
||
| 942 | _n0 | ||
| 948 | _c04/03/1997 | ||
| 999 |
_c42977 _d42977 |
||